00859nam a22001937a 4500003000900000008004100009040007100050082002400121100002100145245004700166260003500213300002800248440003200276505025900308650001600567650002200583650002200605700003800627AR-CdUCM190404b ||||| |||| 00| 0 spa d aMUNICIPALIDAD PROVINCIAL DEL CUSCOcBIBLIOTECA MUNICIPAL DEL CUSCO a370.82 /bS7722ed. aSpranger, Eduard aLas ciencias del espíritu y la escuela / aBuenos Aires :bLosada,c1942. a176 páginas ;c19 cm. aBiblioteca del maestro ;n9 aContenido: La pedagogía de Eduardo Spranger, por Juan Roura -- Las ciencias del espíritu y la escuela -- La significación de la pedagogía científica para la vida del pueblo -- Formación básica, formación profesional y formación general. aPedagogía aEspíritu y alma aCiencias sociales aRoura y parella, Juan (traductor)